| 000 | 00622nam a2200181 4500 | ||
|---|---|---|---|
| 001 | 109228 | ||
| 003 | ES-MaACL | ||
| 005 | 20230906184813.0 | ||
| 007 | t| | ||
| 008 | 061121s1966 sp r ||||1| spa d | ||
| 245 | 0 | 0 | _aMiscelánea en memoria de Don Mario Férotin, 1914-1964. |
| 260 |
_aMadrid : _bC.S.I.C. Instituto Enrique Flórez, _c1966. |
||
| 300 |
_aVIII, 560 p., 11 lám. ; _c26 cm. |
||
| 500 | _aEs tirada aparte de Hispania Sacra, v. XVII-XVIII. | ||
| 600 | 1 | 4 |
_aFérotin, Marius. _950220 |
| 710 | 2 |
_aInstituto de Historia Eclesiástica "Padre Enrique Flórez" _94954 |
|
| 852 |
_aES-MaACL _jC-29229 _bR.59583 |
||
| 999 |
_c109228 _d109228 |
||